000 00362nam a2200133Ia 4500
008 231229s2019 xx 000 0 und d
041 _aeng
082 _a346.48
_bRED
100 _aREDDY (S.V. Damodar)
245 _aIntellectual Property Rights: Law and Practice
250 _a1st
260 _aHyderabad
_bAsia Law House Hyderbad
_c2019
300 _aiii, 600
999 _c1062378
_d1062378